| 000 | 00645nam a2200289Ia 4500 | ||
|---|---|---|---|
| 008 | 210210b1918 xxu||||| |||| 00| 0 eng d | ||
| 041 | _aeng | ||
| 082 | _a920/141 | ||
| 100 | _aPILLAI (Ananda Ranga) | ||
| 245 | _aPrivate diary of Ananda Ranga Pillai Vol VII Oct 1748 to March 1750 | ||
| 260 |
_aMadras _bGovernment Press _c1918 |
||
| 650 | _aVol | ||
| 650 | _aVII | ||
| 650 | _ato | ||
| 650 | _aRanga | ||
| 650 | _aPrivate | ||
| 650 | _aPillai | ||
| 650 | _aof | ||
| 650 | _aOct | ||
| 650 | _aMarch | ||
| 650 | _adiary | ||
| 650 | _aAnanda | ||
| 650 | _a1750 | ||
| 650 | _a1748 | ||
| 690 | _aHistory | ||
| 906 | _a024883 | ||
| 999 |
_c150502 _d150502 |
||